000 00484nam a2200193Ia 4500
005 20240823044302.0
008 240823s9999||||xx |||||||||||||| ||und||
020 _a978-81-907-4703
041 _aENGLISH
082 _A604.2 Q1
100 _aJulyes Jaisingh S
245 0 _aEngineering Graphics
250 _a1st
260 _c2011
_b"Tri Sea Pub, Nage"
500 _aTRANSFERED
650 _aMechanical
_bFire Technology & Safety Engineering
942 _cBK
999 _c212202
_d212202